| 000 | 01183njm a22002657a 4500 | ||
|---|---|---|---|
| 005 | 20100901152334.0 | ||
| 006 | a|||||r|||||00| 0 | ||
| 007 | sd ammalaaahaa | ||
| 008 | 100901t xxu||||| |||| 00| 0 eng d | ||
| 028 |
_aH 931 _bHindustan Record |
||
| 035 | _aGR-215 | ||
| 040 |
_aSED _cSED |
||
| 100 |
_aSaigal, K L _917825 |
||
| 245 |
_aDil se teri nigah jigar tak utar gayi : _cby K L Saigal; composition by Mirza Ghalib _h[sound recording] _bgajal / |
||
| 246 |
_aदिल से तेरी निगाह जिगर तक उतर गयी / के अल सैगल _bगजल |
||
| 260 |
_aDum Dum, India _bHindusthan Record |
||
| 300 |
_a1 sound disc [Gramophone Recording] : _banalog, 33 1/3 rpm _c9.5 in. (MP) _fGramophone Records |
||
| 500 | _aBrief record | ||
| 505 | _aSide-2 बहुत उस गली के किये हेरे फेरे - गजल (Bahut us gali ke kiye heyre phere - gajal ) (K L Saigal) | ||
| 650 |
_aClassical music _xExcerpts _zIndia _917826 |
||
| 700 |
_917827 _aGhalib, Mirza |
||
| 700 | _917828 | ||
| 942 |
_2ddc _cGR |
||
| 999 |
_c43418 _d43418 |
||